載入...

THE BOTANICAL REVIEW ( J )

書目詳細資料
格式: Continuing Resources
出版: LONDON THE NEW YORK BOTANICAL GARDEN 1981
主題:
LEADER 00492nam a2200205 4500
020
037
082 |a 580 05 BOT 
100
245 |a THE BOTANICAL REVIEW ( J )  |h English 
250
260 |a LONDON  |b THE NEW YORK BOTANICAL GARDEN  |c 1981 
300 |a 555  |f HB 
500
590
630
650 |a BOTANICAL 
942 |c CR 
999 |c 170745  |d 170745 
952 |0 0  |1 0  |4 0  |6 580_050000000000000_BOT  |7 0  |9 184180  |a BOT  |b BOT  |l 0  |o 580 05 BOT  |p BOT5862  |r 2019-10-25  |w 2019-10-25  |y CR